Où suis-je ? - Statistiques

Statistiques générales
  • Ce quiz a été pris 1 759 fois
  • Le résultat moyen est 7 sur 10
Réponses sur la Carte
Les réponses sont colorées sur une échelle allant du rouge au vert en fonction du pourcentage des utilisateurs qui les ont devinées à leur premier essai. Vous pouvez retrouver ces pourcentages ci-dessous.
 
Statistiques - réponses
Pays % Correct
Italie
100%
Mexique
82%
Indonésie
80%
Somalie
79%
Pakistan
73%
Panama
71%
Bulgarie
65%
Bolivie
63%
Népal
58%
Mozambique
56%
Aucun quiz correspondant
Distribution des résultats
% des personnes avec chaque résultat
Percentile par nombre de réponses
Votre historique - résultats
Vous n’avez pas pris ce quiz